Online
Catalog

Conquista de Nueva Toledo : (Record no. 6239)

MARC details
000 -CABECERA
campo de control de longitud fija 00902cam a2200265 i 4500
001 - NÚMERO DE CONTROL
campo de control 000006444
005 - FECHA Y HORA DE LA ÚLTIMA TRANSACCIÓN
campo de control 20200929153931.0
008 - DATOS DE LONGITUD FIJA--INFORMACIÓN GENERAL
campo de control de longitud fija 771214s1976 bo b 001 0 spa
010 ## - NÚMERO DE CONTROL DE LA BIBLIOTECA DEL CONGRESO
Número de control de LC 77558081
040 ## - FUENTE DE LA CATALOGACIÓN
Centro catalogador/agencia de origen DO-SdBNP
Centro/agencia transcriptor DLC
Centro/agencia modificador DLC
043 ## - CÓDIGO DE ÁREA GEOGRÁFICA
Código de área geográfica s------
-- s-bo---
-- s-pe---
050 00 - SIGNATURA TOPOGRÁFICA DE LA BIBLIOTECA DEL CONGRESO
Número de clasificación F2233
Número de documento/Ítem .R65
100 2# - ENTRADA PRINCIPAL--NOMBRE DE PERSONA
Nombre de persona Romero A. G., Gonzalo
Forma completa/desarrollada del nombre (Romero Alvarez Garcia),
Fechas asociadas al nombre 1916-1989.
9 (RLIN) 17890
245 10 - MENCIÓN DE TÍTULO
Título Conquista de Nueva Toledo :
Resto del título el alzado de Charcas /
Mención de responsabilidad, etc. Gonzalo Romero A. G.
250 ## - MENCIÓN DE EDICIÓN
Mención de edición 1. ed.
260 ## - PUBLICACIÓN, DISTRIBUCIÓN, ETC.
Lugar de publicación, distribución, etc. La Paz :
Nombre del editor, distribuidor, etc. [s.n.],
Fecha de publicación, distribución, etc. 1976.
300 ## - DESCRIPCIÓN FÍSICA
Extensión xv p., p. 11-549 ;
Dimensiones 22 cm.
504 ## - NOTA DE BIBLIOGRAFÍA, ETC.
Nota de bibliografía, etc. Bibliography: p. 539-545.
500 ## - NOTA GENERAL
Nota general Includes index.
651 #0 - PUNTO DE ACCESO ADICIONAL DE MATERIA--NOMBRE GEOGRÁFICO
Nombre geográfico South America
Subdivisión general History
Subdivisión cronológica To 1806.
9 (RLIN) 17891
651 #0 - PUNTO DE ACCESO ADICIONAL DE MATERIA--NOMBRE GEOGRÁFICO
Nombre geográfico Bolivia
Subdivisión general History
Subdivisión cronológica To 1809.
9 (RLIN) 17892
651 #0 - PUNTO DE ACCESO ADICIONAL DE MATERIA--NOMBRE GEOGRÁFICO
Nombre geográfico Peru
Subdivisión general History
Subdivisión cronológica Conquest, 1522-1548.
9 (RLIN) 17893
600 10 - PUNTO DE ACCESO ADICIONAL DE MATERIA--NOMBRE DE PERSONA
Nombre de persona Pizarro, Gonzalo,
Fechas asociadas al nombre d. 1548.
9 (RLIN) 17894
910 ## - DATOS DE OPCIÓN DEL USUARIO (OCLC)
Datos de opción del usuario Catalogación original noche
Holdings
Estado de retiro Estado de pérdida Restricciones de uso No para préstamo Código de colección Localización permanente Ubicación/localización actual Ubicación en estantería Fecha de adquisición Número de inventario Total de préstamos Signatura topográfica completa Código de barras Fecha visto por última vez Precio válido a partir de Tipo de ítem Koha
    Préstamo interno   Monografías: Libros y Folletos General General En catalogación 28.08.2009 LF1   6444-10 25.06.2020 25.06.2020 Préstamo interno

Powered by Koha